| 000 | 00411nam a22001577a 4500 | ||
|---|---|---|---|
| 020 | _a978-93-84321-13-0823KUR/G | ||
| 082 |
_a823 _bKUR/G |
||
| 100 | _aTH GIFT | ||
| 245 |
_aTHE GIFT _bTHENALI RAMAN STORIES |
||
| 246 |
_aTHE GIFT _bTHENALI RAMAN STORIES |
||
| 260 |
_aTHRISSUR _bH & C PUBLISHING HOUSE _c2018 |
||
| 300 | _a48 | ||
| 520 | _aTHENALI RAMAN STORIES | ||
| 650 | _aTHENALI RAMAN STORIES | ||
| 942 | _cBK | ||
| 999 |
_c2204 _d2204 |
||